LEADER 03779nam 2200673 a 450 001 9910790059103321 005 20200520144314.0 010 $a1-283-11996-X 010 $a9786613119964 010 $a90-04-18896-7 024 7 $a10.1163/ej.9789004188952.i-286 035 $a(CKB)2670000000083841 035 $a(EBL)717500 035 $a(OCoLC)728673266 035 $a(SSID)ssj0000502812 035 $a(PQKBManifestationID)12139794 035 $a(PQKBTitleCode)TC0000502812 035 $a(PQKBWorkID)10528202 035 $a(PQKB)10627482 035 $a(MiAaPQ)EBC717500 035 $a(nllekb)BRILL9789004188969 035 $a(Au-PeEL)EBL717500 035 $a(CaPaEBR)ebr10470476 035 $a(CaONFJC)MIL311996 035 $a(PPN)170756343 035 $a(EXLCZ)992670000000083841 100 $a20101129d2011 uy 0 101 0 $aeng 135 $aur|n|---||||| 181 $ctxt 182 $cc 183 $acr 200 00$aNeoliberalism's fractured showcase$b[electronic resource] $eanother Chile is possible /$fedited by Ximena de la Barra 210 $aLeiden ;$aBoston $cBrill$d2011 215 $a1 online resource (310 p.) 225 1 $aStudies in critical social sciences,$x1573-4234 ;$vv. 27 225 1 $aCritical global studies ;$vv. 3 300 $aDescription based upon print version of record. 311 $a90-04-18895-9 320 $aIncludes bibliographical references and index. 327 $aNeoliberalism, a counter-revolution in Chile / Manuel Riesco -- Chile's neoliberal reversion of Salvador Allende's copper nationalization / Orlando Caputo and Graciela Galarce -- Chile : perpetual transition under the shadow of Pinochet / Roberto Garreton -- Where was the Chile I had left behind? / Marta Harnecker -- Growing disparities and the extreme concentration of wealth in Chile / Jose Cademartori -- Health care ideology in Chile at the turn of the 21st century / Claudio Sepulveda -- The struggle for education and the neoliberal reaction / Rodrigo Cornejo ... [et al.] -- Social security or plunder? / Manuel Riesco -- The world economic crisis, Chile and the free trade agreements / Orlando Caputo and Graciela Galarce -- Chilean social movements in confrontation with neoliberalism / Mario Garces. 330 $aThis collection of works by prominent Chilean experts explores the long term effects of neoliberalism. It relentlessly questions Chile's status as a successful and exemplary democratic country. The first part deals with the circumstances that facilitated the establishment of the neoliberal experiment in Chile. This is followed by analysis of the economic, social, environmental, political and human rights impacts of 35 consecutive years of neoliberal policies. Implications for weathering the multi-dimensional global crisis are analyzed in view of Chile`s loss of productive capacities, the shrinking role of the State and its asymmetrical integration into the world economy. The volume concludes by asserting that breaking the status quo is possible, urgent and necessary. Critical Global Studies , volume 3 410 0$aStudies in critical social sciences.$pCritical global studies ;$vv. 3. 410 0$aStudies in critical social sciences ;$vv. 27. 606 $aNeoliberalism$zChile 607 $aChile$xEconomic policy 607 $aChile$xEconomic conditions$y1973-1988 607 $aChile$xEconomic conditions$y1988- 607 $aChile$xSocial conditions$y1970- 615 0$aNeoliberalism 676 $a330.983 701 $aBarra$b Ximena de la$f1944-$01485932 801 0$bMiAaPQ 801 1$bMiAaPQ 801 2$bMiAaPQ 906 $aBOOK 912 $a9910790059103321 996 $aNeoliberalism's fractured showcase$93705279 997 $aUNINA LEADER 03803nam 2200745Ia 450 001 9910777463903321 005 20230120064137.0 010 $a1-925495-98-1 010 $a0-9803616-3-X 035 $a(CKB)1000000000423620 035 $a(EBL)346351 035 $a(OCoLC)225656287 035 $a(SSID)ssj0000211636 035 $a(PQKBManifestationID)11194442 035 $a(PQKBTitleCode)TC0000211636 035 $a(PQKBWorkID)10311515 035 $a(PQKB)11029681 035 $a(Au-PeEL)EBL3340026 035 $a(CaPaEBR)ebr10231476 035 $a(OCoLC)923251822 035 $a(Au-PeEL)EBL346351 035 $a(OCoLC)568397515 035 $a(Au-PeEL)EBL6978209 035 $a(MiAaPQ)EBC3340026 035 $a(MiAaPQ)EBC346351 035 $a(MiAaPQ)EBC6978209 035 $a(EXLCZ)991000000000423620 100 $a20070924d2007 uy 0 101 0 $aeng 135 $aur|n|---||||| 181 $ctxt 182 $cc 183 $acr 200 00$aNo way to go$b[electronic resource] $etransport and social disadvantage in Australian communities /$fedited by Graham Currie, Janet Stanley and John Stanley 205 $a1st ed. 210 $aClayton, Vic. $cMonash University ePress$d2007 215 $a1 online resource (200 p.) 300 $aDescription based upon print version of record. 311 $a0-9803616-2-1 320 $aIncludes bibliographical references. 327 $aCONTENTS; SECTION 1: INTRODUCTION; 01 Introduction; 02 Transport: A new frontier for social policy? An historical reflection; SECTION 2: INTERNATIONAL PERSPECTIVES; 03 Lessons for Australia from the US: An American looks at transportation and social exclusion; 04 Transport disadvantage and social exclusion in the UK; SECTION 3: AUSTRALIANS WITHOUT TRANSPORT; 05 Social exclusion: Informed reality thinking on accessibility and mobility in an ageing population; 06 Ageing without driving: Keeping older people connected; 07 Australians with disabilities: Transport disadvantage and disability 327 $a08 Young Australians: No way to go09 Indigenous communities: Transport disadvantage and Aboriginal communities; 10 Marginalised groups in Western Sydney: The experience of sole parents and unemployed young people; 11 Transport disadvantage and Australian urban planning in historical perspective: The role of urban form and structure in shaping household accessibility; SECTION 4: LESSONS FOR POLICY DEVELOPMENT; 12 Tr 330 $aNo Way to Go is an edited collection of papers that discuss the links between transport disadvantage and social exclusion in Australia. The book begins by exploring the global context for the Australian experience, with a series of papers from international contributors. In the second section, case studies based on recent empirical research examine the situation from the perspectives of different marginalised groups in Australian society. The book concludes by examining the implications for Australian social and transport policy. 606 $aUrban transportation$zAustralia 606 $aLocal transit$zAustralia 606 $aTransportation$xSocial aspects$zAustralia 606 $aMarginality, Social$zAustralia 606 $aSocial isolation$zAustralia 615 0$aUrban transportation 615 0$aLocal transit 615 0$aTransportation$xSocial aspects 615 0$aMarginality, Social 615 0$aSocial isolation 676 $a388.4110994 701 $aCurrie$b Graham$01560443 701 $aStanley$b Janet$f1950-$01560444 701 $aStanley$b John$01560445 712 02$aMonash University ePress. 801 0$bMiAaPQ 801 1$bMiAaPQ 801 2$bMiAaPQ 906 $aBOOK 912 $a9910777463903321 996 $aNo way to go$93826405 997 $aUNINA